[Event "CZE-chT U18 Extraliga Ost 1516"]
[Site "Czech Republic"]
[Date "2015.10.04"]
[Round "3.6"]
[White "Neumann, Filip"]
[Black "Zavadil, Matyas"]
[Result "1/2-1/2"]
[WhiteElo "1621"]
[BlackElo "1631"]
[PlyCount "87"]
[EventDate "2015.10.03"]
[EventType "team-tourn"]
[EventRounds "11"]
[EventCountry "CZE"]
[SourceTitle "EXT 2022"]
[Source "ChessBase"]
[SourceDate "2021.10.06"]
[SourceVersion "1"]
[SourceVersionDate "2021.10.06"]
[SourceQuality "1"]
[WhiteTeam "Orlova Slavia U18"]
[BlackTeam "Brno Duras U18"]
[WhiteTeamCountry "CZE"]
[BlackTeamCountry "CZE"]

1. d4 d5 2. Nf3 Nf6 3. Bf4 e6 4. e3 Bd6 5. Bxd6 cxd6 6. Be2 0-0 7. 0-0 Nbd7 8. Nbd2 b6 9. c3 Bb7 10. Rc1 Rc8 11. Re1 Qe7 12. Nf1 Ne4 13. N3d2 Ndf6 14. Nxe4 Nxe4 15. Nd2 Nxd2 16. Qxd2 Rc7 17. Rc2 Rfc8 18. Rec1 Qg5 19. f4 Qg6 20. Qd3 Qxd3 21. Bxd3 Kf8 22. c4 dxc4 23. Rxc4 Rxc4 24. Rxc4 Rxc4 25. Bxc4 Be4 26. g3 Ke7 27. Kf2 Kd7 28. Bb5+ Kc7 29. Ke2 Kb7 30. Bd3 Bxd3+ 31. Kxd3 d5 32. a4 a5 33. g4 f5 34. g5 g6 35. Kc3 Kc7 36. b4 Kb7 37. b5 Kc7 38. Kd3 Kd7 39. Ke2 Kc7 40. Kf3 Kd7 41. Kg3 Ke7 42. h4 Kf7 43. Kh3 Ke7 44. Kg3 1/2-1/2

[Event "Brno Duras op"]
[Site "Brno"]
[Date "2015.06.29"]
[Round "3"]
[White "Zavadil, Matyas"]
[Black "Bata, Jiri"]
[Result "1/2-1/2"]
[WhiteElo "1536"]
[BlackElo "1583"]
[PlyCount "49"]
[EventDate "2015.06.27"]
[EventType "swiss"]
[EventRounds "9"]
[EventCountry "CZE"]
[SourceTitle "CBM 167 Extra"]
[Source "ChessBase"]
[SourceDate "2015.09.14"]
[SourceVersion "1"]
[SourceVersionDate "2015.09.14"]
[SourceQuality "1"]

1. d4 f5 2. c4 e6 3. Nf3 Nf6 4. Bg5 Bb4+ 5. Nc3 Bxc3+ 6. bxc3 0-0 7. e3 Qe8 8. Bd3 Ne4 9. Bf4 d6 10. Qc2 Nf6 11. 0-0 b6 12. e4 Bb7 13. Nd2 e5 14. Bg5 f4 15. Bxf6 Rxf6 16. d5 Bc8 17. Nb3 Qg6 18. f3 Qg5 19. Qf2 Rg6 20. Kh1 Rh6 21. Rg1 Qh5 22. g3 Na6 23. g4 Qf7 24. h4 g5 25. h5 1/2-1/2

[Event "CZE-ch U12"]
[Site "Kouty nad Desnou"]
[Date "2015.03.14"]
[Round "9"]
[White "Zavadil, Matyas"]
[Black "Polansky, Adam Lubos"]
[Result "1/2-1/2"]
[WhiteElo "1526"]
[BlackElo "1524"]
[PlyCount "84"]
[EventDate "2015.03.07"]
[EventType "swiss"]
[EventRounds "9"]
[EventCountry "CZE"]
[SourceTitle "EXT 2017"]
[Source "ChessBase"]
[SourceDate "2016.10.25"]
[SourceVersion "1"]
[SourceVersionDate "2016.10.25"]
[SourceQuality "1"]

1. d4 Nf6 2. c4 e6 3. Nc3 Bb4 4. a3 Bxc3+ 5. bxc3 b6 6. Bg5 Bb7 7. e3 d6 8. Nf3 h6 9. Bxf6 Qxf6 10. Be2 Nd7 11. 0-0 0-0 12. Nd2 Qg6 13. Bf3 Bxf3 14. Qxf3 Qd3 15. Rfd1 Rac8 16. e4 Qxf3 17. Nxf3 e5 18. dxe5 Nxe5 19. Nxe5 dxe5 20. Rd7 Rfd8 21. Rad1 Rxd7 22. Rxd7 Kf8 23. Kf1 Ke8 24. Rd5 f6 25. Ke2 Ke7 26. Ke3 c6 27. Rd1 a6 28. a4 b5 29. Rb1 Kf7 30. Kd3 Rb8 31. cxb5 axb5 32. axb5 Rxb5 33. Rxb5 cxb5 34. Kc2 Ke6 35. Kb3 Kd6 36. Kb4 Kc6 37. c4 bxc4 38. Kxc4 Kd6 39. Kd3 Ke6 40. Ke3 g6 41. f3 h5 42. g3 g5 1/2-1/2

[Event "CZE-ch U12"]
[Site "Kouty nad Desnou"]
[Date "2015.03.11"]
[Round "6"]
[White "Szotkowski, David"]
[Black "Zavadil, Matyas"]
[Result "1/2-1/2"]
[WhiteElo "1465"]
[BlackElo "1526"]
[PlyCount "71"]
[EventDate "2015.03.07"]
[EventType "swiss"]
[EventRounds "9"]
[EventCountry "CZE"]
[SourceTitle "EXT 2017"]
[Source "ChessBase"]
[SourceDate "2016.10.25"]
[SourceVersion "1"]
[SourceVersionDate "2016.10.25"]
[SourceQuality "1"]

1. Nf3 d5 2. c4 e6 3. d4 Nf6 4. Nc3 Be7 5. Bf4 a6 6. e3 h6 7. Rc1 c5 8. a3 0-0 9. Bd3 Nc6 10. dxc5 Bxc5 11. b4 dxc4 12. Bxc4 Qxd1+ 13. Rxd1 Nxb4 14. axb4 Bxb4 15. Rc1 Ne4 16. Be5 Bd7 17. Nd2 Nxc3 18. Bxc3 Bxc3 19. Rxc3 b5 20. Be2 Ra7 21. 0-0 Rb8 22. Rfc1 a5 23. Rc7 Rxc7 24. Rxc7 Be8 25. Ra7 a4 26. Ne4 b4 27. Kf1 b3 28. Bd3 Rd8 29. Ke2 Bc6 30. Nc5 b2 31. Bb1 Bb5+ 32. Ke1 Rc8 33. Kd2 Kf8 34. Nxa4 Bxa4 35. Rxa4 Rc1 36. Ba2 1/2-1/2

[Event "Brno Duras op-A"]
[Site "Brno"]
[Date "2014.06.30"]
[Round "3"]
[White "Zavadil, Matyas"]
[Black "Jires, Jiri"]
[Result "0-1"]
[WhiteElo "1496"]
[BlackElo "1879"]
[PlyCount "70"]
[EventDate "2014.06.28"]
[EventType "swiss"]
[EventRounds "9"]
[EventCountry "CZE"]
[SourceTitle "CBM 161 Extra"]
[Source "ChessBase"]
[SourceDate "2014.08.29"]
[SourceVersion "1"]
[SourceVersionDate "2014.08.29"]
[SourceQuality "1"]

1. e4 e5 2. Nf3 Nc6 3. Bc4 Nf6 4. d4 exd4 5. e5 d5 6. Bb5 Ne4 7. Nxd4 Bd7 8. Bxc6 bxc6 9. 0-0 Bc5 10. f3 Ng5 11. f4 Ne4 12. Be3 Rb8 13. b3 Bb6 14. Nd2 Nc3 15. Qe1 c5 16. Ne2 Bb5 17. a4 Bxe2 18. a5 Bxf1 19. Qxf1 d4 20. Bf2 0-0 21. axb6 axb6 22. Qd3 Qd5 23. Qh3 Ne2+ 24. Kh1 Nxf4 25. Qg4 Ng6 26. Re1 Nxe5 27. Qg5 f6 28. Qf5 Rbe8 29. Bg3 Qe6 30. Qxe6+ Rxe6 31. Nc4 Rfe8 32. Nxe5 fxe5 33. Kg1 Kf7 34. Re2 R8e7 35. Bh4 Rd7 0-1

[Event "EU Union-ch U10"]
[Site "Malenovice"]
[Date "2013.08.29"]
[Round "2"]
[White "Jazdanovs, Aleksandrs"]
[Black "Zavadil, Matyas"]
[Result "1-0"]
[WhiteElo "1624"]
[BlackElo "1452"]
[PlyCount "61"]
[EventDate "2013.08.28"]
[EventType "swiss"]
[EventRounds "9"]
[EventCountry "CZE"]
[SourceTitle "CBM 156 Extra"]
[Source "ChessBase"]
[SourceDate "2013.10.22"]
[SourceVersion "1"]
[SourceVersionDate "2013.10.22"]
[SourceQuality "1"]

1. d4 Nf6 2. e3 g6 3. Bd3 Bg7 4. f4 d5 5. Nf3 0-0 6. 0-0 b6 7. b3 c5 8. Bb2 Ne4 9. Bxe4 dxe4 10. Ng5 cxd4 11. exd4 f5 12. c3 h6 13. Nh3 Ba6 14. Re1 Qc7 15. Kh1 Rd8 16. g4 e5 17. fxe5 Bxe5 18. gxf5 Bxh2 19. Qd2 Bg3 20. Rd1 gxf5 21. Qxh6 Bb7 22. c4 e3+ 23. d5 Qh7 24. Qg5+ Kf7 25. Qxg3 Rg8 26. Qc7+ Kg6 27. Rg1+ Kh6 28. Qf4+ Kh5 29. Rg5+ Kh6 30. Rxf5+ Kg6 31. Qg4+ 1-0

[Event "CZE-ch U10"]
[Site "Kouty nad Desnou"]
[Date "2013.03.09"]
[Round "1"]
[White "Zavadil, Matyas"]
[Black "Koci, Tomas"]
[Result "1/2-1/2"]
[WhiteElo "1100"]
[BlackElo "1400"]
[PlyCount "75"]
[EventDate "2013.03.09"]
[EventType "swiss"]
[EventRounds "9"]
[EventCountry "CZE"]
[SourceTitle "EXT 2015"]
[Source "ChessBase"]
[SourceDate "2014.11.20"]
[SourceVersion "1"]
[SourceVersionDate "2014.11.20"]
[SourceQuality "1"]

1. e4 e5 2. Nf3 Nc6 3. d4 exd4 4. c3 dxc3 5. Bc4 Nf6 6. Nxc3 Bb4 7. 0-0 0-0 8. Bg5 Bxc3 9. bxc3 d6 10. Qe2 Re8 11. Rad1 Bg4 12. Qd3 Ne5 13. Nxe5 Bxd1 14. Bxf7+ Kf8 15. Bxe8 Qxe8 16. Bxf6 gxf6 17. Rxd1 Qxe5 18. Qd5 Re8 19. Qd4 Qxd4 20. Rxd4 Re5 21. Rc4 Rb5 22. g3 c6 23. Rb4 Rxb4 24. cxb4 Ke7 25. Kf1 c5 26. bxc5 dxc5 27. Ke2 Ke6 28. Kd3 f5 29. exf5+ Kxf5 30. Kc4 b6 31. a4 Ke5 32. a5 Kd6 33. axb6 axb6 34. f4 Kc6 35. g4 b5+ 36. Kc3 Kd6 37. h4 Ke6 38. Kb3 1/2-1/2

[Event "Brno Duras op-B"]
[Site "Brno"]
[Date "2012.06.30"]
[Round "9"]
[White "Zavadil, Matyas"]
[Black "Nemec, David"]
[Result "0-1"]
[WhiteElo "1100"]
[BlackElo "1250"]
[PlyCount "56"]
[EventDate "2012.06.23"]
[EventType "tourn"]
[EventRounds "9"]
[EventCountry "CZE"]
[SourceTitle "CBM 149 Extra"]
[Source "ChessBase"]
[SourceDate "2012.08.24"]
[SourceVersion "1"]
[SourceVersionDate "2012.08.24"]
[SourceQuality "1"]

1. e4 c5 2. d4 cxd4 3. c3 d6 4. cxd4 Nc6 5. Nf3 Nf6 6. Nc3 e6 7. Bb5 Bd7 8. 0-0 Be7 9. Bg5 0-0 10. Bxc6 Bxc6 11. e5 dxe5 12. Nxe5 Nd5 13. Nxc6 bxc6 14. Bxe7 Qxe7 15. Nxd5 cxd5 16. Re1 Rac8 17. Rc1 g6 18. Qg4 Rc7 19. Qg3 Rfc8 20. Rxc7 Qxc7 21. f3 Qxg3 22. hxg3 Rc2 23. Rb1 Rd2 24. Rc1 Rxb2 25. Rc8+ Kg7 26. a4 Ra2 27. a5 Rxa5 28. Kf2 Ra2+ 0-1

[Event "Brno Duras op-B"]
[Site "Brno"]
[Date "2012.06.26"]
[Round "5"]
[White "Zavadil, Matyas"]
[Black "Glozar, Petr"]
[Result "1-0"]
[WhiteElo "1100"]
[BlackElo "1250"]
[PlyCount "31"]
[EventDate "2012.06.23"]
[EventType "tourn"]
[EventRounds "9"]
[EventCountry "CZE"]
[SourceTitle "CBM 149 Extra"]
[Source "ChessBase"]
[SourceDate "2012.08.24"]
[SourceVersion "1"]
[SourceVersionDate "2012.08.24"]
[SourceQuality "1"]

1. e4 c5 2. d4 cxd4 3. c3 dxc3 4. Nxc3 Nc6 5. Nf3 e5 6. Bc4 Bc5 7. 0-0 Nf6 8. Bg5 Be7 9. Qe2 0-0 10. Rfd1 Nd4 11. Nxd4 exd4 12. Rxd4 Nxe4 13. Bxe7 Nxc3 14. bxc3 Qa5 15. Bxf8 Qxc3 16. Bxf7+ 1-0

[Event "Brno Duras op-B"]
[Site "Brno"]
[Date "2012.06.25"]
[Round "4"]
[White "Martirosyan, Ara"]
[Black "Zavadil, Matyas"]
[Result "1/2-1/2"]
[WhiteElo "1339"]
[BlackElo "1100"]
[PlyCount "65"]
[EventDate "2012.06.23"]
[EventType "tourn"]
[EventRounds "9"]
[EventCountry "CZE"]
[SourceTitle "CBM 149 Extra"]
[Source "ChessBase"]
[SourceDate "2012.08.24"]
[SourceVersion "1"]
[SourceVersionDate "2012.08.24"]
[SourceQuality "1"]

1. e4 e5 2. f4 d5 3. exd5 exf4 4. Nf3 Nf6 5. Nc3 Bc5 6. d4 Bb6 7. Bc4 0-0 8. Bxf4 Re8+ 9. Be5 Bg4 10. 0-0 Nbd7 11. Bg3 Ne4 12. Nxe4 Rxe4 13. Qd3 Bxf3 14. Qxf3 Rxd4 15. Qxf7+ Kh8 16. Bf2 Rxc4 17. Bxb6 Nxb6 18. Rf2 Qe8 19. Qe6 Qxe6 20. dxe6 Re4 21. Raf1 h6 22. Rf8+ Rxf8 23. Rxf8+ Kh7 24. Rf7 Rxe6 25. Rxc7 Rc6 26. Rxc6 bxc6 27. Kf2 Kg6 28. Ke3 Kf6 29. Kd4 Ke6 30. c4 Kd7 31. b3 Nc8 32. Kc5 Kc7 33. Kd4 1/2-1/2